000 00751cab a22001935a 4500
001 L157114
008 120903e2012 xxk 000 0 eng d
035 _a(Sirsi) u157114
041 0 _aeng
245 0 4 _aThe battle of the boards
260 _c2012
490 _aThe Negotiator
_vSeptember 2012, 23-26(4)
520 _aDiscusses the use of For Sale and To Let boards as a marketing tool for estate and letting agents. QR codes on boards allow users of smart phones to scan the code to bring up details and photographs about the property on their phones.
590 _aKA
650 2 4 _aTOWN AND COUNTRY PLANNING (CONTROL OF ADVERTISEMENTS) (ENGLAND) REGULATIONS 2007
651 4 _aEngland
690 _aResidential property
_96266
942 _n0
999 _c84262
_d84262